| 000 | 01465cab a2200373 4500 | ||
|---|---|---|---|
| 001 | ABS54843 | ||
| 008 | 090401t1996 xxu||||| |||| 00| 0 eng d | ||
| 035 | _a(Sirsi) u12499 | ||
| 041 | _aeng | ||
| 100 | _aWilliams, D. | ||
| 245 | _aRent review update: arbitration issues | ||
| 260 | _c1996 | ||
| 350 | _a0 | ||
| 490 |
_aEstates Gazette _v(9614) 6 April 1996, 84-87(4) |
||
| 520 | _aReviews case law in 1995 under the headings: challenging arbitrators` awards; leave to appeal; extension of time; miscellaneous matters. | ||
| 650 | _aARBITRATORS' AWARDS | ||
| 650 | _aATKINSON V WSFS LTD | ||
| 650 | _aBROADGATE SQUARE PLC V LEHMAN BROTHERS LTD (NO2) | ||
| 650 | _aBROADGATE SQUARE PLC V LEHMAN BROTHERS LTD | ||
| 650 | _aEURIPIDES V GASCOYNE HOLDINGS LTD | ||
| 650 | _aFORDGATE (BINGLEY) LTD V NATIONAL WESTMINSTER BANK PLC | ||
| 650 | _aLAND SECURITIES PLC V WESTMINSTER CC (NO2) | ||
| 650 | _aLONDON & LEEDS ESTATES LTD V PARIBAS LTD (NO2) | ||
| 650 | _aMOUNT CHARLOTTE INVESTMENTS PLC V PRUDENTIAL ASSURANCE | ||
| 650 | _aPROFESSIONAL MISCONDUCT | ||
| 650 | _aPUPUKE SERVICE STATION LTD V CALTEX OIL (NZ) LTD | ||
| 650 | _aRENT REVIEWS | ||
| 650 | _aROYAL BANK OF SCOTLAND PLC V JENNINGS | ||
| 650 | _aTURNER V STEVENAGE BC | ||
| 690 | _aMANAGEMENT-DISPUTE AVOIDANCE, MANAGEMENT AND RESOLUTION-DISPUTE MANAGEMENT AND RESOLUTION-ARBITRATION | ||
| 690 | _aLANDLORD AND TENANT-RENT REVIEWS | ||
| 942 | _n0 | ||
| 948 | _c04/03/1997 | ||
| 999 |
_c7987 _d7987 |
||